| 000 | 00378nam a22001337a 4500 | ||
|---|---|---|---|
| 082 |
_aP-402 _bP-402 |
||
| 100 |
_aMuhammad Umar Syndicate # 26 _948148 |
||
| 245 |
_a3D flow simulation of A 90' open channel junction using fluent _cMuhammad Umar, Shahjahan Akber |
||
| 260 | _c2008 | ||
| 300 | _a48 P, : | ||
| 526 |
_a0 _b0 _c0 _dP_402_P402 |
||
| 650 | _aProject | ||
| 942 |
_2ddc _cBK |
||
| 999 |
_c551171 _d551171 |
||